00587nam a2200157Ia 4500008004100000020001500041050002100056245008700077250001700164260002900181300002600210490004800236505006800284650002500352700005200377120625s1993 mx 001 0 spa d a968362888514aPM4068bE65 199310aÉpica náhuatlc/ Selección, introducción y notas de Ángel Ma. Garibay K. a4a edición3 aMéxicob: UNAMc, 1993 a97 páginasc; 18 cm aBiblioteca del Estudiante Universitariov511 aTemas sagrados Ciclo Tenochca Ciclo Tezcocano Ciclo Tlaxcalteca10aLITERATURA NÁHUATL aGaribay K., Ángel María d1892-1967eeditor